Bestselling Books Quiz Stats

 Plays Quiz not verified by Sporcle

Support Sporcle.
Go Orange.
Score 0/17 Timer 10:00
0 Plays Today
Copies Sold Book Title % Correct
150 millionThe Lord of the Rings
66.7%
80 millionThe Da Vinci Code
50.7%
Over 100 millionThe Hobbit
43.5%
Over 200 millionA Tale of Two Cities
42%
65 millionThe Catcher in the Rye
34.8%
85 millionThe Lion, the Witch and the Wardrobe
20.3%
100 millionAnd Then There Were None
14.5%
83 millionShe
10.1%
Over 100 million红楼梦 (Dream of the Red Chamber)
8.7%
Copies Sold Book Title % Correct
50 millionBlack Beauty: His Grooms and Companions: The autobiography of a horse
8.7%
80 millionLe Petit Prince (The Little Prince)
7.2%
65 millionO Alquimista (The Alchemist)
7.2%
50 millionAnne of Green Gables
7.2%
50 millionIl Nome della Rosa (The Name of the Rose)
5.8%
60 millionSteps to Christ
0%
50 millionHeidis Lehr- und Wanderjahre (Heidi's Years of Wandering and Learning)
0%
50 millionThe Common Sense Book of Baby and Child Care
0%

You're not logged in!

Compare scores with friends on all Sporcle quizzes.
OR
Log In

From the Vault

Most Common Words (SPORCLE)

by Jamessir

I kept trying 'The' and 'And' until I remembered that they didn't quite fit the criteria.
Remove Ads.
Support Sporcle.
Get the best of Sporcle when you Go Orange. This ad-free experience offers more features, more stats, and more fun while also helping to support Sporcle. Thank you for becoming a member.

Show Comments

Extras

Top Quizzes Today


Score Distribution

Your Account Isn't Verified!

In order to create a playlist on Sporcle, you need to verify the email address you used during registration. Go to your Sporcle Settings to finish the process.

Report this User

Report this user for behavior that violates our Community Guidelines.

Details: